Регионална библиотека "Любен Каравелов" - Русе

Диамантената клопка (Запис номер 369350)

MARC детайли
000 -Лидер
Контролно поле с фиксирана дължина nam a22 a 4500
003 - Код на организацията, давaща контролен номер
Контролно поле BLK
005 - Дата и час на последна редакция
Контролно поле 20200618114056.0
008 - Елементи от данни с фиксирана дължина
fixed length control field 200618b bu ||||| |||| 00| 0 bu d
020 ## - Международен стандартен номер на книга ISBN
Международен стандартен номер на книга ISBN 954-11-0156-9
040 ## - Източник на каталожния запис
Идентификатор на билиотеката - собственик на записа BLK
041 ## - Код за език
Код за езика на текст/звукозапис или на отделно заглавие Български
Код за езика КДБФ Български
080 ## - УДК
Текстов определител УДК Американска литература (на САЩ)
УДК код - определител по УДК 821.111(73)
УДК - код + определител 821.111(73)
100 ## - Редна дума - Автор
R(LIN) 253822
Автор Кембъл, Бетани
Авторска отговорност първи автор
139 ## - Редно поле
Редна дума Кембъл, Бетани
Авторски знак К - К 11
245 ## - Сведения за заглавието
Заглавие Диамантената клопка
Редно поле (дума) Бетани Кембъл
260 ## - Област на издателските данни
Място на издаване, разпространение и проч. София
Година на издаване 1994
9 (RLIN) 215854
Име на издателя, разпространителя и проч. Harlequin
300 ## - Физическа характеристика
Страници 160 с.
380 ## - Жанр
Жанр Худож. лит.
852 ## - Местоположение
Форматна сигнатура Цб І 26998
999 ## - СИСТЕМНИ КОНТРОЛНИ НОМЕРА
Koha biblionumber 369350
Koha biblioitemnumber 369350
942 ## - АРТИКУЛИ
Вид на библиотечния материал Книги
Скрит в OPAC Не
Периодичен библиозапис Да
944 ## - СЪЗДАВАНЕ И РЕДАКЦИЯ на ЗАПИСА
Създаване/Редакция Създаване
Дата на регистрацията/редакция 2020-06-18
Служител, извършил регистрацията/редакцията Моника Янева
Статус, дата на статуса 2020-06-18
999 ## - СИСТЕМНИ КОНТРОЛНИ НОМЕРА
Koha biblioitemnumber 369348
999 ## - СИСТЕМНИ КОНТРОЛНИ НОМЕРА
Koha biblioitemnumber 369345
999 ## - СИСТЕМНИ КОНТРОЛНИ НОМЕРА
Koha biblioitemnumber 369344
Наличности
Код за отписване Код за изгубен артикул Източник на класификационната схема Код за повреда Коз за рестрикции Код за отдаване Артикулен № Име на библиотеката - собственик Име на библиотеката, в която се намира в момента Статус (Текущо местоположение) Дата на вписване в системата Местоположение - отдел Цена в лева Инвентарен номер Систематично азбучна сигнатура Баркод Цена в евро Служебен тип на артикула
  Не е изгубен Universal Decimal Classification Не е повреден без рестрикции ползва се в читалня 782380 Регионална библиотека "Любен Каравелов" Русе Регионална библиотека "Любен Каравелов" Русе Хранилище 2020-07-08 Хранилище 0.42 599331 Цб І 26998 120000599331 0.21 Книги
Vip Innovations Ltd, Rousse, Bulgaria 2025